Responses for Show #6587 - Tuesday, April 16, 2013

Contestants

[<< previous game]

Gary Roberts, a defense consultant from Suffolk, Virginia

Jamey Wiglesworth, a DJ and bar trivia host from Versailles, Kentucky

Lisa Byatt, a technical writer from Amherst, New Hampshire (whose 1-day cash winnings total $26,800)

[next game >>]

Jeopardy! Round responses

AMERICAN HISTORY
INSTRUMENT-ATION
19th CENTURY SPORTS
"D" LICIOUS
HAWAIIAN CROSSWORD CLUES
WE'VE GOT YOU SURROUNDED!
(Alex: You have to name the country that is surrounded by the countries we will give you in the clue.)
    $200 7
Plymouth

Lisa
    $200 26
a fiddle

Gary
    $200 15
swimming

Lisa
    $200 1
(Lisa: What is a danish?)

a donut

LisaGary
    $200 6
a hula

Gary
    $200 20
Switzerland

Gary
    $400 8
Hamilton

Gary
    $400 27
a flute

Gary
    $400 16
the Preakness

Gary
    $400 2
a dim sum

Gary
    $400 10
a luau

Gary
    $400 21
Nepal

Lisa
    $600 9
(Gary: What's a debt?)
(Jamey: What's a deficit?)
(Alex: No.)
(Jamey: ... a budget de...)

a surplus

JameyGary
Triple Stumper
    $600 28
a Tom Tom

Jamey
    $600 17
football

Gary
    $600 3
a devil's food cake

Gary
    $600 11
(Jamey: What's a lei?)

a puka

JameyGary
    $600 22
Paraguay

Lisa
    $1,200 14
(Henry) Comstock

Gary
    $800 29
a triangle

Gary
    $800 18
the U.S. Open

Lisa
    $800 4
a digestive

Lisa
    $800 12
Diamond Head

Jamey
    $800 23
Rwanda

Gary
    $1000 25
(Samuel) Mudd

Lisa
    $1000 30
(Lisa: Who is Portia?)

Viola

Lisa
Triple Stumper
    $1000 19
a curve ball

Gary
    $1000 5
double cream

Triple Stumper
    $1000 13
a wahine

Gary
    $1000 24
Luxembourg

Gary

Scores at the first commercial break (after clue 14):

Lisa Jamey Gary
$800 -$400 $4,400

Scores at the end of the Jeopardy! Round:

Lisa Jamey Gary
$2,800 $200 $9,800

Double Jeopardy! Round responses

KEEPING UP WITH THE JOANS
NONFICTION
MEDICAL PROCEDURES
"M.C."
ANCIENT BABYLON
MODERN BABBLING
    $400 16
(Joan) Cusack

Jamey
    $400 6
Osama bin Laden

Gary
    $400 2
a transfusion

Gary
    $400 4
a man cave

Lisa
    $400 1
slaves

Gary
    $400 5
It's Not Rocket Science

Triple Stumper
    $800 21
Joan Crawford

Jamey
    $800 25
The Last Lecture

Triple Stumper
    $800 3
(Gary: What's a shoulder?)

a dislocation

JameyGary
    $800 7
a marble cake

Gary
    $800 13
Alexander the Great

Jamey
    $800 18
a fork

Lisa
    $1200 22
(Joan) Baez

Jamey
    $1200 26
(Stephen) Covey

Gary
    $1200 8
your brain

Lisa
    $2,600 10
mea culpa

Jamey
    $1200 14
Hammurabi

Gary
    $1200 19
110%

Jamey
    $1600 23
Joan Allen

Triple Stumper
    $1600 27
Oppenheimer

Jamey
    $1600 9
collagen

Jamey
    $1600 11
a Mandarin collar

Lisa
    $1,200 15
the Euphrates

Gary
    $1600 20
[Jamey was initially deemed incorrect with his response of "spend time with her grandchildren", but research by the judges found she did have grandchildren, so he was credited as correct.]

spend time with her grandchildren/family

JameyGary
    $2000 24
Joan Sutherland

Gary
    $2000 28
(Jamey: What is the Pacific Coast Trail?)

the Pacific Crest Trail

Jamey
Triple Stumper
    $2000 30
face transplant

Lisa
    $2000 12
a marquise cut

Gary
    $2000 17
the Ishtar Gate

Triple Stumper
    $2000 29
fruit

Jamey

Scores at the end of the Double Jeopardy! Round:

Lisa Jamey Gary
$8,800 $12,800 $20,200

[wagering suggestions for these scores]

Final Jeopardy! Round responses

NOBEL PEACE PRIZE WINNERS
LisaWho is Paul Krugman?
$8,799
JameyWho is Desmond Tutu?
$7,401
GaryWho is Desmond Tutu
$5,401
Desmond Tutu

Final scores:

Lisa Jamey Gary
$1 $20,201 $25,601
3rd place: $1,000 2nd place: $2,000 New champion: $25,601

Game dynamics:

Coryat scores:

Lisa Jamey Gary
$8,800 $11,400 $20,200
12 R,
2 W
13 R
(including 1 DD),
3 W
28 R
(including 2 DDs),
2 W

Combined Coryat: $40,400

[game clues] [game scores] [suggest correction]

Game tape date: 2012-12-04
The J! Archive is created by fans, for fans. Scraping, republication, monetization, and malicious use prohibited; this site may use cookies and collect identifying information. See terms. The Jeopardy! game show and all elements thereof, including but not limited to copyright and trademark thereto, are the property of Jeopardy Productions, Inc. and are protected under law. This website is not affiliated with, sponsored by, or operated by Jeopardy Productions, Inc. Join the discussion at JBoard.tv.